00326 a2200145 450000100060000002000150000604000370002110000380005824000190009624500140011530000080012936200090013744000100014665000240015673139 a8535702016 cAnchieta - Colégio São Paulo aBoligian, Andressa Turcatel Alves10aGeografialpor10aGeografia a1920 a2001 1aAtual 4aGeografia e viagens